000 00301nam a22001337a 4500
008 170210b xxu||||| |||| 00| 0 eng d
020 _a9781590845424
041 _aeng
080 _a61
100 _a4
101 _aSHM
245 _aMAYO CLINIC ON ALZHEIMER'S DISEASE
_cPETERSON, R
942 _2udc
_cBK
999 _c5170
_d5170